000 00251nam a22001097a 4500
082 _a900/SIN
100 _aSingh,Sukhbir
_983513
245 _a1857 The Indian Uprising
260 _aDelhi
_bAcademic Aspirations
_c2022
650 _aHistory
942 _cBK
999 _c68453
_d68453